Simulations of the extreme losses in non-life insurance

Uložené v:
Podrobná bibliografia
Hlavný autor: Pacáková, Viera
Ďalší autori: Šoltés, Erik, 1974-
Médium: Kapitola
Jazyk:Slovak
Tagy: Pridať tag
Žiadne tagy, Buďte prvý, kto otaguje tento záznam!

MARC

LEADER 00000nla$a2200000$$$4500
001 0062613
005 20240502071716.7
041 0 |a slo 
044 |a SK 
245 1 0 |a Simulations of the extreme losses in non-life insurance  |c Viera Pacáková, Erik Šoltés 
100 1 |a Pacáková, Viera 
700 1 |a Šoltés, Erik, 1974-